000 00637nam a2200253Ia 4500
003 OSt
005 20220928134912.0
006 a|||||r|||| 00| 0
007 ta
008 220927b |||||||| |||| 00| 0 eng d
024 _a38310
037 _cTextual
040 _aSDCL
_cSDCL
_beng
041 _2eng
_aeng
082 _aL:423, P9.1-.2
100 _aFlint S J
245 0 _aPrinciples of virology. 2V
250 _a3
260 _aWashington
_bASM Press
_c2009
650 _aVirology
700 _a Enquist L W
942 _hL:423, P9.1-.2
_cTEXL
_2CC
999 _c804171
_d804171